000 00320nam a2200133Ia 4500
008 191201s2006 xx 000 0 und d
100 _aNARAYAN, R K
245 2 _aA Tiger of Malgudi
250 _a9th
260 _aN.Delhi
_bIndian Thought Publision
_c2006
300 _a176
650 _aGeneral Books
942 _2ddc
_cBK
999 _c2403
_d2403